ՀՀ Գիտությունների ազգային ակադեմիայի հիմնարար գիտական գրադարան  =   Fundamental Scientific Library of NAS RA

Офиолиты : (Record no. 47950)

MARC details
000 -LEADER
fixed length control field 01150nam a2200253 a 4500
001 - CONTROL NUMBER
control field 000142601
003 - CONTROL NUMBER IDENTIFIER
control field AM-YEHGA
005 - DATE AND TIME OF LATEST TRANSACTION
control field 20250617122931.0
008 - FIXED-LENGTH DATA ELEMENTS--GENERAL INFORMATION
fixed length control field 030329s1981 ru ||||gr|||||||||0|rus|d
040 ## - CATALOGING SOURCE
Original cataloging agency AM-YeHGA
041 0# - LANGUAGE CODE
Language code of text/sound track or separate title rus
090 ## - LOCALLY ASSIGNED LC-TYPE CALL NUMBER (OCLC); LOCAL CALL NUMBER (RLIN)
-- 48707
245 00 - TITLE STATEMENT
Title Офиолиты :
Remainder of title (Итмурунды-Казыкская и Чарская зоны) /
Statement of responsibility, etc. Е.И. Паталаха, В.А. Белый, П.В. Ермолов и др. ; Отв. ред. А.А. Абдулин, Е.И. Паталаха ; АН КазССР. Ин-т геол. наук им. К.И. Сатпаева.
260 ## - PUBLICATION, DISTRIBUTION, ETC.
Place of publication, distribution, etc. Алма-Ата :
Name of publisher, distributor, etc. Наука. КазССР,
Date of publication, distribution, etc. 1981.
300 ## - PHYSICAL DESCRIPTION
Extent 178 с. ;
Dimensions 27 см.
440 #0 - SERIES STATEMENT/ADDED ENTRY--TITLE
Title Тектоника Казахстана
650 14 - SUBJECT ADDED ENTRY--TOPICAL TERM
Topical term or geographic name entry element Геология
700 1# - ADDED ENTRY--PERSONAL NAME
Personal name Паталаха, Евгений Иванович
Relator term ред.
Relationship edt
700 1# - ADDED ENTRY--PERSONAL NAME
Personal name Белый, В.А.
700 1# - ADDED ENTRY--PERSONAL NAME
Personal name Ермолов, П.В.
700 1# - ADDED ENTRY--PERSONAL NAME
Personal name Абдулин, Айтмухамед Абдуллаевич
Relator term ред.
Relationship edt
710 2# - ADDED ENTRY--CORPORATE NAME
Corporate name or jurisdiction name as entry element Институт геологических наук им. К.И. Сатпаева АН КазССР
942 ## - ADDED ENTRY ELEMENTS (KOHA)
Source of classification or shelving scheme Universal Decimal Classification
Koha item type Գրքեր / Books
Holdings
Withdrawn status Lost status Damaged status Not for loan Collection Home library Current library Date acquired Total checkouts Full call number Barcode Date last seen Price effective from Koha item type Public note
        General Fundamental Scientific Library Fundamental Scientific Library 21/12/2016   PIII/48124 FL0393767 21/12/2016 21/12/2016 Գրքեր / Books 30 Days Loan


ՀՀ ԳԱԱ հիմնարար գիտական գրադարան
ՀՀ,Երևան 0019
Մարշալ Բաղրամյան 24/6
հեռախոս:(374-10) 52-47-50
Հետադարձ կապ

All site content, except where otherwise noted, is licensed under a
Creative Commons License